000 00746nam a2200205Ii 4500
003 JO-AjNU
008 230605s9999||||xx |||||||||||||| ||und||
017 _a2008/10/3608
040 _aJO-AjNU
_bara
_erda
_cJO-AjNU
041 _aara
050 1 4 _aHG 4529.5 .M853 2009
100 3 _aالمومني، غازي فلاح ,
_eauthor
_933346
245 0 0 _aادارة المحافظ الاستثمارية الحديثة
264 3 1 _aعمان: دار المناهج للنشر والتوزيع، 2009
300 _a320ص
_bيحتوي على ببلوغرافية من 317-320ص
336 _atext
_btxt
_2rdacontent
337 _aunmediated
_bn
_2rdamedia
338 _avolume
_bnc
_2rdacarrier
650 4 _aالاستثمار المالي
_933347
999 _aA13563
_c17131
_d17131